000
00294nam a22001337a 4500
008
170316b xxu||||| |||| 00| 0 eng d
020
_a
0716705222
041
_a
eng
080
_a
616.8
100
_a
7
101
_a
SHM
245
_a
CELLULAR BASIS OF BEHAVIOUR
_c
KANDEL, E.R
942
_2
udc
_c
BK
999
_c
8019
_d
8019